10 häufigste Verben (Gesamt) - Statistiken

Allgemein
  • Dieses Quiz wurde 14 mal gespielt
  • Das Durchschnittsergebnis liegt bei 5 aus 10
Antwortstatistiken
Rang Wort % Korrekt
5. sagen
83%
2. haben
75%
9. wollen
58%
4. können
50%
6. müssen
50%
1. sein
50%
3. werden
42%
8. geben
33%
10. kommen
25%
7. sollen
25%
Keine übereinstimmenden Quizze gefunden
Verteilung der Resultate
Anzahl Personen mit jedem Resultat
Perzentil nach korrekt beantworteten Fragen
Ihre Resultats-Entwicklung
Sie haben dieses Quiz noch nicht gespielt